| 000 | 00729cam a22002414a 4500 | ||
|---|---|---|---|
| 003 | UPN | ||
| 005 | 20230512063615.0 | ||
| 008 | 991125s1975 mx 000 0 spa d | ||
| 035 | _aUPN01000003068 | ||
| 040 |
_aUPN _bspa _cUPN |
||
| 049 | _aCG | ||
| 050 | 4 |
_aB3223 _bE5.3 |
|
| 100 | 1 |
_aEngels, Friedrich, _d1820-1895 _921202 |
|
| 245 | 1 | 0 |
_aAnti-Dühring / _cF. Engels. |
| 260 |
_aMéxico : _bCultura Popular, _c1975. |
||
| 300 | _a331 p. | ||
| 490 | 0 | _aLa cultura y el hombre. Clásicos del marxismo. Biblioteca marxista | |
| 600 | 1 | 4 |
_aDuhring, Eugen, _d1833-1921- _xCrítica e interpretación _914233 |
| 600 | 1 | 4 |
_aMarx, Karl, _d1818-1883 _928367 |
| 650 | 4 |
_aFilosofía alemana _97273 |
|
| 905 | _aLibro | ||
| 942 |
_2lcc _cLIBRO |
||
| 999 |
_c3068 _d3068 |
||